| 000 | 01010cam a22003017a 4500 | ||
|---|---|---|---|
| 003 | CHAP | ||
| 005 | 20220329140940.0 | ||
| 008 | 971013s1995 r 00010 d | ||
| 010 | _a60254 | ||
| 011 | _a61226 | ||
| 035 | _a65390 | ||
| 040 | _cCHAP | ||
| 082 |
_a381.0972 _bM49 1994 |
||
| 110 |
_aInstituto Nacional de Estadística, Geografía e Informática. México _959304 |
||
| 245 | 0 | _aCenso comercial (11o) | |
| 260 |
_aAguascalientes, Ags. : _bINEGI, _c1995 |
||
| 300 | _a158 p. | ||
| 590 |
_aBATCH-UPD _b10 _c20130110 _lUCH01 _h1556 |
||
| 590 |
_aBATCH-UPD _b10 _c20130410 _lUCH01 _h0953 |
||
| 590 |
_aBATCH-UPD _b10 _c20130914 _lUCH01 _h1013 |
||
| 590 |
_aCONVERSION _b10 _c20130109 _lUCH01 _h1332 |
||
| 650 | 1 | 4 |
_aComercio _xEstadísticas _zMéxico. _925589 |
| 790 | 0 | _aCensos económicos 1994 | |
| 901 | _aBK | ||
| 942 | _cLIBRO | ||
| 949 |
_a381.0972 M49 1994 _bBC _cINEGI _d33724000212981 _eINEGI _h90628 _i65390 _si |
||
| 949 |
_a381.0972 M49 1994 _bBC _cINEGI _d33724000681516 _eINEGI _fc.2 _h92237 _i65390 _si |
||
| 999 |
_c60254 _d60254 |
||